000 00836nam a2200217 4500
001 1110
003 OCoLC
005 20181127162704.0
008 081104s2008 enk 000 0 eng d
020 _a0751529818
020 _a9780751529814
100 1 _aAlbom, Mitch.
245 1 0 _aTuesdays with Morrie :
_ban old man, a young man, and life's greatest lesson /
_cMitch Albom.
260 _aLondon :
_bSphere,
_c2008.
300 _a210 p.
600 _aSchwartz, Morris S.
_b
_c
_d
_e
_f
_k
_l
_m
_n
_o
_p
_q
_r
_s
_t
_v
_x
_y
_z
_2
650 _aAmyotrophic lateral sclerosis -- Patients -- United States -- Biography.
_v
_x
_y
_z
_2
650 _aBrandeis University -- Faculty -- Biography.
_v
_x
_y
_z
_2
650 _aDeath --Psychological aspects --Case studies.
_v
_x
_y
_z
_2
650 _aTeacher-student relationships --United States --Case studies.
_v
_x
_y
_z
_2
999 _c771
_d771